• 首页
  • 本馆介绍
  • 公告通知
  • 最新文献
  • 馆藏检索
  • 电子资源
  • 读者导购
  • 参考咨询
  • 我的图书馆
  • 登录
  • 详细信息显示
  • 放入我的书架
  • 预约/预借图书
  • 作者相关作品
  • 分类相关作品
  • 丛书相关作品
  • 出版社相关作品

书目信息

  • 表格格式
  • 工作单格式
  • 卡片格式
题名:
田径
    
 
作者: 孟刚 主编
分册:  
出版信息: 北京   北京师范大学出版社  2017
页数: 318页
开本: 23cm
丛书名: 西南区体育教材教法研究会教材
单 册:
中图分类: G82
科图分类:
主题词: 田径运动--tian jing yun dong--高等学校--教材
电子资源:
ISBN: 978-7-303-12128-1
000 00902nam 2200289 45
001 012001004596
005 20141124165950.0
010    @a978-7-303-12128-1@dCNY37.00
099    @aCAL 012011072244
100    @a20110407d2011 ekmy0chiy0120 ea
101 0  @achi
102    @aCN@b110000
105    @aak a 000yy
106    @ar
200 1  @a田径@Atian jing@f主编孟刚
210    @a北京@c北京师范大学出版社@d2017
215    @a318页@c图@d23cm
225 2  @a西南区体育教材教法研究会教材@Axi nan qu ti yu jiao cai jiao fa yan jiu hui jiao cai@i体育类
300    @a教育部推荐教材
300    @a西南区体育教材教法研究会教材编审委员会审订
320    @a有书目
410  0 @12001@a西南区体育教材教法研究会教材@i体育类
606 0  @a田径运动@Atian jing yun dong@x高等学校@j教材
690    @aG82@v4
701  0 @a孟刚@Ameng gang@4主编
801    @b江苏凤凰@c20191020
905    @b1219935-6@dG82@e179@f2
    
    田径/主编孟刚.-北京:北京师范大学出版社,2017
    318页:图;23cm.-(西南区体育教材教法研究会教材.体育类)
    教育部推荐教材.-西南区体育教材教法研究会教材编审委员会审订
    
    ISBN 978-7-303-12128-1:CNY37.00
    
●
相关链接 在E读中查询图书 在五车中查询图书 在当当中查询图书 在豆瓣中查询图书


正题名:田径     索取号:G82/179         预约/预借

序号 登录号 条形码 馆藏地/架位号 状态 备注
1 1219935   212199351   第一样本阅览室/ [索取号:G82/179] 在馆    
2 1219936   212199360   第四借阅区/ [索取号:G82/179] 在馆    
唐山师范学院图书馆 欢迎您!
大连网信软件有限公司© 版权所有